• 首页
  • 本馆介绍
  • 公告通知
  • 最新文献
  • 馆藏检索
  • 电子资源
  • 读者导购
  • 参考咨询
  • 我的图书馆
  • 登录
  • 详细信息显示
  • 放入我的书架
  • 预约/预借图书
  • 作者相关作品
  • 分类相关作品
  • 丛书相关作品
  • 出版社相关作品

书目信息

  • 表格格式
  • 工作单格式
  • 卡片格式
题名:
《党政领导干部考核工作条例》问答
    
 
作者: ;中共中央组织部公务员三局 编著
分册:  
出版信息: 北京   党建读物出版社  2021.02
页数: 93页
开本: 22cm
丛书名:
单 册:
中图分类: D262.3
科图分类:
主题词: 中国共产党
电子资源:
ISBN: 7-5099-1368-3
000 00763nam0 2200205 450
001 2529996655
005 20250331082527.07
010    @a7-5099-1368-3@dCNY15.00
100    @a20250331d2021 km y0chiy0120 ea
101 0  @achi
102    @aCN@b110000
102    @aCN
200 1  @a《党政领导干部考核工作条例》问答@A《Dang Zheng Ling Dao Gan Bu Kao He Gong Zuo Tiao Li》Wen Da@f中共中央组织部公务员三局编著@FZhong Gong Zhong Yang Zu Zhi Bu Gong Wu Yuan San Ju Bian Zhu
210    @a北京@c党建读物出版社@d2021.02
215    @a93页@d22cm
606 0  @a中国共产党
690    @aD262.3@v4
711 02 @a中共中央组织部公务员三局@AZhong Gong Zhong Yang Zu Zhi Bu Gong Wu Yuan San Ju@4编著
801  0 @aCN@b大连网信软件有限公司图书馆·11@c20250331
905    @aZUCC@dD262.3@e2255
    
    《党政领导干部考核工作条例》问答/中共中央组织部公务员三局编著.-北京:党建读物出版社,2021.02
    93页;22cm
    
    
    ISBN 7-5099-1368-3:CNY15.00
    
●
相关链接 在E读中查询图书 在五车中查询图书 在当当中查询图书 在豆瓣中查询图书


正题名:《党政领导干部考核工作条例》问答     索取号:D262.3/2255         预约/预借

序号 登录号 条形码 馆藏地/架位号 状态 备注
1 1439974   214399747   第一样本阅览室/ [索取号:D262.3/2255] 在馆    
2 1439975   214399756   第一借阅区/ [索取号:D262.3/2255] 在馆    
3 1439976   214399765   第一借阅区/ [索取号:D262.3/2255] 在馆    
4 1439977   214399774   第一借阅区/ [索取号:D262.3/2255] 在馆    
5 1439978   214399783   第一借阅区/ [索取号:D262.3/2255] 在馆    
6 1439979   214399792   第一借阅区/ [索取号:D262.3/2255] 在馆    
7 1439980   214399809   第一借阅区/ [索取号:D262.3/2255] 在馆    
8 1439981   214399818   第一借阅区/ [索取号:D262.3/2255] 在馆    
9 1439982   214399827   第一借阅区/ [索取号:D262.3/2255] 在馆    
10 1439994   214399943   第一借阅区/ [索取号:D262.3/2255] 在馆    
11 1439995   214399952   第一借阅区/ [索取号:D262.3/2255] 在馆    
唐山师范学院图书馆 欢迎您!
大连网信软件有限公司© 版权所有